[Event "Blitz 2018"]
[Site "Saint-Petersburg"]
[Date "2018.12.29"]
[Round "2"]
[Board "77"]
[White "Usmanov Vasily (RUS)"]
[Black "Gasanov Eldar (UKR)"]
[Result "1-0"]
[LiveChessVersion "1.4.8"]
[BlackElo "2581"]
[WhiteElo "2459"]

1. d4 {[%clk 0:03:03]} d6 {[%clk 0:03:02]} 2. c4 {[%clk 0:02:59]} e5
{[%clk 0:03:01]} 3. Nf3 {[%clk 0:02:57]} e4 {[%clk 0:03:02]} 4. Ng5
{[%clk 0:02:57]} f5 {[%clk 0:03:02]} 5. Nc3 {[%clk 0:02:56]} Be7 {[%clk 0:03:02]}
6. Nh3 {[%clk 0:02:56]} c6 {[%clk 0:02:55]} 7. d5 {[%clk 0:02:55]} Na6
{[%clk 0:02:52]} 8. g3 {[%clk 0:02:50]} Nf6 {[%clk 0:02:49]} 9. Bg2
{[%clk 0:02:50]} O-O {[%clk 0:02:48]} 10. O-O {[%clk 0:02:50]} Nc7
{[%clk 0:02:42]} 11. f3 {[%clk 0:02:49]} cxd5 {[%clk 0:02:34]} 12. cxd5
{[%clk 0:02:49]} b5 {[%clk 0:02:27]} 13. a3 {[%clk 0:02:39]} exf3
{[%clk 0:02:20]} 14. exf3 {[%clk 0:02:40]} Nd7 {[%clk 0:02:12]} 15. Nf4
{[%clk 0:02:37]} Ne5 {[%clk 0:02:02]} 16. Ne6 {[%clk 0:02:14]} Nxe6
{[%clk 0:01:57]} 17. dxe6 {[%clk 0:02:14]} Bxe6 {[%clk 0:01:50]} 18. f4
{[%clk 0:02:15]} Qb6+ {[%clk 0:01:27]} 19. Kh1 {[%clk 0:02:15]} Ng4
{[%clk 0:01:28]} 20. Qe1 {[%clk 0:01:50]} Bc4 {[%clk 0:01:07]} 21. Nd5
{[%clk 0:01:51]} Bxd5 {[%clk 0:00:41]} 22. Bxd5+ {[%clk 0:01:51]} Kh8
{[%clk 0:00:39]} 23. Bxa8 {[%clk 0:01:43]} Rxa8 {[%clk 0:00:37]} 24. h3
{[%clk 0:00:54]} Qc6+ {[%clk 0:00:26]} 25. Kg1 {[%clk 0:00:55]} Qc5+
{[%clk 0:00:23]} 26. Kg2 {[%clk 0:00:53]} Qc6+ {[%clk 0:00:08]} 27. Rf3
{[%clk 0:00:49]} Re8 {[%clk 0:00:08]} 28. Qc3 {[%clk 0:00:26]} Qb7
{[%clk 0:00:06]} 29. Bd2 {[%clk 0:00:25]} Bf6 {[%clk 0:00:07]} 30. Qd3
{[%clk 0:00:25]} Nh6 {[%clk 0:00:05]} 31. Bc3 {[%clk 0:00:22]} Ng8
{[%clk 0:00:05]} 32. Rd1 {[%clk 0:00:12]} Bxc3 {[%clk 0:00:05]} 33. bxc3
{[%clk 0:00:13]} Nf6 {[%clk 0:00:06]} 34. Kh2 {[%clk 0:00:13]} Ne4
{[%clk 0:00:08]} 35. Re3 {[%clk 0:00:13]} g6 {[%clk 0:00:08]} 36. Qd4+
{[%clk 0:00:12]} Kg8 {[%clk 0:00:10]} 37. Qd5+ {[%clk 0:00:13]} Qxd5
{[%clk 0:00:11]} 38. Rxd5 {[%clk 0:00:14]} a6 {[%clk 0:00:12]} 39. g4
{[%clk 0:00:12]} Rf8 {[%clk 0:00:11]} 40. gxf5 {[%clk 0:00:13]} gxf5
{[%clk 0:00:13]} 41. a4 {[%clk 0:00:10]} bxa4 {[%clk 0:00:14]} 42. Ra5
{[%clk 0:00:11]} Kg7 {[%clk 0:00:15]} 43. Rxa6 {[%clk 0:00:12]} Rc8
{[%clk 0:00:17]} 44. Rxa4 {[%clk 0:00:12]} Kf6 {[%clk 0:00:18]} 45. c4
{[%clk 0:00:12]} Rb8 {[%clk 0:00:19]} 46. Ra2 {[%clk 0:00:12]} Rb1
{[%clk 0:00:20]} 47. Rc2 {[%clk 0:00:13]} Rf1 {[%clk 0:00:21]} 48. Ra3
{[%clk 0:00:08]} Rxf4 49. Ra6 Ke5 {[%clk 0:00:22]} 50. Ra5+ {[%clk 0:00:09]} Ke6
{[%clk 0:00:22]} 51. Kg2 {[%clk 0:00:09]} Nc5 {[%clk 0:00:22]} 52. Re2+
{[%clk 0:00:09]} Kd7 {[%clk 0:00:22]} 53. Ra7+ {[%clk 0:00:10]} Kc6
{[%clk 0:00:23]} 54. Rxh7 {[%clk 0:00:10]} Rxc4 {[%clk 0:00:24]} 55. h4
{[%clk 0:00:11]} Nd3 {[%clk 0:00:25]} 56. Re8 {[%clk 0:00:09]} Rc2+
{[%clk 0:00:25]} 57. Kf3 {[%clk 0:00:10]} Ne5+ {[%clk 0:00:26]} 58. Kf4
{[%clk 0:00:10]} Rf2+ {[%clk 0:00:27]} 59. Kg5 {[%clk 0:00:08]} Kd5
{[%clk 0:00:28]} 60. h5 {[%clk 0:00:05]} f4 {[%clk 0:00:29]} 61. h6
{[%clk 0:00:06]} f3 {[%clk 0:00:30]} 62. Ra7 {[%clk 0:00:05]} Rg2+
{[%clk 0:00:30]} 63. Kf4 {[%clk 0:00:05]} f2 {[%clk 0:00:31]} 64. Ra5+
{[%clk 0:00:05]} Kd4 {[%clk 0:00:29]} 65. Ra4+ {[%clk 0:00:05]} Kd5
{[%clk 0:00:29]} 66. Ra5+ {[%clk 0:00:06]} Kc4 {[%clk 0:00:26]} 67. Rc8+
{[%clk 0:00:06]} Kb4 {[%clk 0:00:28]} 68. Ra1 {[%clk 0:00:06]} Rg1
{[%clk 0:00:28]} 69. Rb8+ {[%clk 0:00:07]} Kc3 {[%clk 0:00:28]} 70. Rbb1
{[%clk 0:00:08]} Rg6 {[%clk 0:00:17]} 71. h7 {[%clk 0:00:09]} Rh6
{[%clk 0:00:18]} 72. Rh1 {[%clk 0:00:10]} Rxh1 {[%clk 0:00:15]} 73. Rxh1 Kd2 74.
Kf5 {[%clk 0:00:11]} Ke2 {[%clk 0:00:13]} 75. h8=Q {[%clk 0:00:11]} Nf3
{[%clk 0:00:15]} 76. Qe8+ {[%clk 0:00:10]} 1-0

[Event "Blitz 2018"]
[Site "Saint-Petersburg"]
[Date "2018.12.29"]
[Round "2"]
[Board "78"]
[White "Belyakov Bogdan (RUS)"]
[Black "Gareyev Timur (USA)"]
[Result "1/2-1/2"]
[LiveChessVersion "1.4.8"]
[BlackElo "2577"]
[WhiteElo "2448"]

1. e4 {[%clk 0:03:02]} e5 {[%clk 0:02:59]} 2. Nf3 {[%clk 0:03:03]} Nc6
{[%clk 0:02:59]} 3. d4 {[%clk 0:03:04]} exd4 {[%clk 0:03:00]} 4. Nxd4
{[%clk 0:03:04]} Qf6 {[%clk 0:03:01]} 5. Nxc6 {[%clk 0:02:57]} dxc6
{[%clk 0:02:55]} 6. Nc3 {[%clk 0:02:53]} h5 {[%clk 0:02:55]} 7. Qf3
{[%clk 0:02:44]} Bb4 {[%clk 0:02:38]} 8. Bd2 {[%clk 0:02:40]} Qg6
{[%clk 0:02:27]} 9. h3 {[%clk 0:02:34]} Be6 {[%clk 0:02:19]} 10. a3
{[%clk 0:02:31]} Be7 {[%clk 0:01:56]} 11. Bd3 {[%clk 0:02:30]} Bg5
{[%clk 0:01:53]} 12. O-O-O {[%clk 0:02:19]} O-O-O {[%clk 0:01:48]} 13. Kb1
{[%clk 0:02:19]} Bxd2 {[%clk 0:01:44]} 14. Rxd2 {[%clk 0:02:20]} Qg5
{[%clk 0:01:39]} 15. Rhd1 {[%clk 0:01:58]} Ne7 {[%clk 0:01:40]} 16. Ne2
{[%clk 0:01:54]} Ng6 {[%clk 0:01:23]} 17. Qg3 {[%clk 0:01:53]} Qxg3
{[%clk 0:01:13]} 18. Nxg3 {[%clk 0:01:51]} Nf4 {[%clk 0:01:04]} 19. Bf1
{[%clk 0:01:45]} Rxd2 {[%clk 0:01:00]} 20. Rxd2 {[%clk 0:01:46]} g5
{[%clk 0:01:00]} 21. Kc1 {[%clk 0:01:15]} h4 {[%clk 0:00:56]} 22. Ne2
{[%clk 0:01:15]} Bc4 {[%clk 0:00:55]} 23. Nxf4 {[%clk 0:01:05]} Bxf1
{[%clk 0:00:56]} 24. Rd1 {[%clk 0:01:06]} gxf4 {[%clk 0:00:55]} 25. Rxf1
{[%clk 0:01:07]} Rg8 {[%clk 0:00:56]} 26. Rg1 {[%clk 0:01:07]} Kd7
{[%clk 0:00:48]} 27. Kd2 {[%clk 0:01:07]} f3 {[%clk 0:00:46]} 28. g4
{[%clk 0:01:00]} hxg3 {[%clk 0:00:41]} 29. Rxg3 {[%clk 0:01:00]} Rh8
{[%clk 0:00:38]} 30. Rxf3 Ke6 31. Ke3 {[%clk 0:00:58]} a5 {[%clk 0:00:40]} 32. a4
{[%clk 0:00:59]} b5 {[%clk 0:00:41]} 33. b3 {[%clk 0:00:59]} Rh5 {[%clk 0:00:41]}
34. Rg3 {[%clk 0:00:53]} Rc5 {[%clk 0:00:37]} 35. Kd3 {[%clk 0:00:53]} Rh5
{[%clk 0:00:34]} 36. f4 {[%clk 0:00:52]} Kd6 {[%clk 0:00:36]} 37. Ke3
{[%clk 0:00:35]} f6 {[%clk 0:00:37]} 38. Kd3 {[%clk 0:00:21]} Ke6
{[%clk 0:00:38]} 39. c4 {[%clk 0:00:16]} Kd6 {[%clk 0:00:40]} 40. cxb5
{[%clk 0:00:14]} cxb5 {[%clk 0:00:41]} 41. axb5 {[%clk 0:00:15]} Rxb5
{[%clk 0:00:43]} 42. Kc3 {[%clk 0:00:15]} Rc5+ {[%clk 0:00:43]} 43. Kd4
{[%clk 0:00:15]} Rb5 {[%clk 0:00:45]} 44. e5+ {[%clk 0:00:15]} fxe5+
{[%clk 0:00:45]} 45. fxe5+ {[%clk 0:00:16]} Ke6 {[%clk 0:00:46]} 46. Rg6+
{[%clk 0:00:17]} Ke7 {[%clk 0:00:45]} 47. Rg7+ {[%clk 0:00:18]} Ke6
{[%clk 0:00:46]} 48. Rxc7 {[%clk 0:00:17]} Rxb3 {[%clk 0:00:47]} 49. Rc6+
{[%clk 0:00:17]} Ke7 {[%clk 0:00:48]} 50. Rh6 {[%clk 0:00:18]} a4
{[%clk 0:00:44]} 51. h4 {[%clk 0:00:18]} a3 {[%clk 0:00:43]} 52. Ra6
{[%clk 0:00:17]} Rh3 {[%clk 0:00:41]} 53. Kd5 {[%clk 0:00:18]} Rd3+
{[%clk 0:00:41]} 54. Ke4 {[%clk 0:00:19]} Rh3 {[%clk 0:00:41]} 55. Kf5
{[%clk 0:00:20]} Rxh4 {[%clk 0:00:40]} 56. Ra7+ {[%clk 0:00:21]} Ke8
{[%clk 0:00:39]} 57. Rxa3 {[%clk 0:00:16]} Rh6 {[%clk 0:00:40]} 58. Ke4 1/2-1/2

[Event "Blitz 2018"]
[Site "Saint-Petersburg"]
[Date "2018.12.29"]
[Round "2"]
[Board "79"]
[White "Shinkevich Vitaly (RUS)"]
[Black "Popov Valerij (RUS)"]
[Result "0-1"]
[LiveChessVersion "1.4.8"]
[BlackElo "2574"]
[WhiteElo "2445"]

1. d4 {[%clk 0:03:00]} d5 {[%clk 0:03:03]} 2. c4 {[%clk 0:03:01]} e6
{[%clk 0:03:04]} 3. Nf3 {[%clk 0:03:02]} Nd7 {[%clk 0:03:03]} 4. Nc3
{[%clk 0:02:59]} Ngf6 {[%clk 0:03:03]} 5. Bf4 {[%clk 0:02:48]} Bb4
{[%clk 0:02:48]} 6. e3 {[%clk 0:02:47]} Ne4 {[%clk 0:02:46]} 7. Rc1
{[%clk 0:02:39]} g5 {[%clk 0:02:33]} 8. Be5 {[%clk 0:02:18]} f6 {[%clk 0:02:30]}
9. Bg3 {[%clk 0:02:03]} h5 {[%clk 0:02:31]} 10. cxd5 {[%clk 0:01:52]} exd5
{[%clk 0:02:31]} 11. Qb3 {[%clk 0:01:50]} Bxc3+ {[%clk 0:02:26]} 12. bxc3
{[%clk 0:01:51]} Nb6 {[%clk 0:02:26]} 13. h4 {[%clk 0:01:40]} g4 {[%clk 0:02:25]}
14. Nd2 {[%clk 0:01:39]} Nxd2 {[%clk 0:01:58]} 15. Kxd2 {[%clk 0:01:40]} Be6
{[%clk 0:01:55]} 16. a4 {[%clk 0:01:26]} a5 {[%clk 0:01:55]} 17. Bb5+
{[%clk 0:01:23]} Kf7 {[%clk 0:01:53]} 18. Bf4 {[%clk 0:00:59]} Rc8
{[%clk 0:01:47]} 19. Bd3 {[%clk 0:00:37]} Qd7 {[%clk 0:01:25]} 20. Bb5
{[%clk 0:00:34]} c6 {[%clk 0:01:21]} 21. Be2 {[%clk 0:00:33]} Nc4+
{[%clk 0:01:22]} 22. Bxc4 {[%clk 0:00:22]} dxc4 {[%clk 0:01:23]} 23. Qc2
{[%clk 0:00:23]} b5 {[%clk 0:01:20]} 24. e4 {[%clk 0:00:19]} b4 {[%clk 0:01:12]}
25. Ke3 {[%clk 0:00:19]} Rhe8 {[%clk 0:01:07]} 26. f3 {[%clk 0:00:20]} c5
{[%clk 0:00:46]} 27. Rcd1 {[%clk 0:00:14]} b3 {[%clk 0:00:48]} 28. Qe2
{[%clk 0:00:11]} Qxa4 {[%clk 0:00:48]} 29. Kf2 {[%clk 0:00:11]} Qb5
{[%clk 0:00:38]} 30. d5 {[%clk 0:00:08]} Bd7 {[%clk 0:00:39]} 31. e5
{[%clk 0:00:08]} Bf5 {[%clk 0:00:32]} 32. e6+ Kg6 33. fxg4 {[%clk 0:00:05]} Bxg4
{[%clk 0:00:35]} 34. Qe4+ {[%clk 0:00:05]} Bf5 {[%clk 0:00:36]} 35. Qe3
{[%clk 0:00:05]} b2 {[%clk 0:00:36]} 36. e7 {[%clk 0:00:05]} a4 {[%clk 0:00:32]}
37. d6 {[%clk 0:00:05]} Qd7 {[%clk 0:00:33]} 38. Qg3+ {[%clk 0:00:04]} Bg4
{[%clk 0:00:33]} 39. Qe3 {[%clk 0:00:05]} a3 {[%clk 0:00:35]} 40. Rd2
{[%clk 0:00:05]} Rb8 {[%clk 0:00:34]} 41. Qxc5 {[%clk 0:00:05]} b1=Q
{[%clk 0:00:31]} 42. Rxb1 {[%clk 0:00:06]} Rxb1 {[%clk 0:00:33]} 43. Qxc4
{[%clk 0:00:07]} Rb2 {[%clk 0:00:32]} 44. Qd3+ {[%clk 0:00:06]} Bf5
{[%clk 0:00:33]} 45. Qg3+ {[%clk 0:00:07]} Kh7 {[%clk 0:00:33]} 46. Be3
{[%clk 0:00:05]} Bg6 {[%clk 0:00:33]} 47. Kg1 {[%clk 0:00:04]} a2
{[%clk 0:00:33]} 48. Qf4 {[%clk 0:00:04]} a1=Q+ {[%clk 0:00:34]} 49. Kh2
{[%clk 0:00:05]} Qg4 {[%clk 0:00:27]} 50. Qxg4 {[%clk 0:00:03]} hxg4
{[%clk 0:00:28]} 51. d7 {[%clk 0:00:05]} Rxd2 {[%clk 0:00:28]} 52. Bxd2
{[%clk 0:00:06]} Qa8 {[%clk 0:00:27]} 53. Bf4 {[%clk 0:00:06]} Rxe7
{[%clk 0:00:27]} 0-1

[Event "Blitz 2018"]
[Site "Saint-Petersburg"]
[Date "2018.12.29"]
[Round "2"]
[Board "80"]
[White "Popov Ivan (RUS)"]
[Black "Zaitsev Alexander (RUS)"]
[Result "1-0"]
[LiveChessVersion "1.4.8"]
[BlackElo "2402"]
[WhiteElo "2560"]

1. e4 {[%clk 0:03:03]} e6 {[%clk 0:03:04]} 2. d4 d5 3. Nc3 {[%clk 0:03:06]} Bb4
{[%clk 0:03:07]} 4. exd5 {[%clk 0:03:06]} exd5 {[%clk 0:03:07]} 5. Bd3
{[%clk 0:03:07]} c6 {[%clk 0:03:08]} 6. Nge2 {[%clk 0:03:07]} Ne7
{[%clk 0:03:08]} 7. Ng3 {[%clk 0:03:08]} O-O {[%clk 0:02:38]} 8. O-O
{[%clk 0:03:08]} Nd7 {[%clk 0:02:34]} 9. Re1 {[%clk 0:02:39]} Re8
{[%clk 0:02:33]} 10. Bg5 {[%clk 0:02:13]} f6 {[%clk 0:02:14]} 11. Bd2
{[%clk 0:02:03]} Nf8 {[%clk 0:02:14]} 12. Qf3 {[%clk 0:01:56]} Be6
{[%clk 0:01:52]} 13. Nh5 {[%clk 0:01:56]} Neg6 {[%clk 0:01:39]} 14. Re2
{[%clk 0:01:40]} Qd7 {[%clk 0:01:36]} 15. h3 {[%clk 0:01:41]} Bd6
{[%clk 0:01:26]} 16. Nf4 {[%clk 0:01:12]} Bf5 {[%clk 0:00:34]} 17. Nxg6
{[%clk 0:00:45]} Bxg6 {[%clk 0:00:29]} 18. Rae1 {[%clk 0:00:43]} Bxd3
{[%clk 0:00:27]} 19. Qxd3 {[%clk 0:00:43]} Rxe2 {[%clk 0:00:26]} 20. Qxe2
{[%clk 0:00:44]} Kf7 {[%clk 0:00:15]} 21. Qh5+ {[%clk 0:00:36]} g6
{[%clk 0:00:15]} 22. Qf3 {[%clk 0:00:36]} Re8 {[%clk 0:00:09]} 23. Rxe8
{[%clk 0:00:36]} Qxe8 {[%clk 0:00:10]} 24. Nxd5 {[%clk 0:00:19]} cxd5
{[%clk 0:00:11]} 25. Qxd5+ {[%clk 0:00:20]} Qe6 {[%clk 0:00:11]} 26. Qxb7+
{[%clk 0:00:21]} Nd7 {[%clk 0:00:12]} 27. Qb3 {[%clk 0:00:18]} Qxb3
{[%clk 0:00:11]} 28. axb3 {[%clk 0:00:19]} Ke6 {[%clk 0:00:09]} 29. Kf1
{[%clk 0:00:16]} f5 {[%clk 0:00:09]} 30. Ke2 Nf6 31. c4 {[%clk 0:00:14]} Ne4
{[%clk 0:00:09]} 32. Be1 {[%clk 0:00:14]} a6 {[%clk 0:00:09]} 33. f3
{[%clk 0:00:15]} Nf6 {[%clk 0:00:09]} 34. Kd3 {[%clk 0:00:14]} Nh5
{[%clk 0:00:10]} 35. Bd2 {[%clk 0:00:12]} Bf4 {[%clk 0:00:11]} 36. d5+
{[%clk 0:00:12]} Kd7 {[%clk 0:00:10]} 37. Be1 {[%clk 0:00:11]} Be5
{[%clk 0:00:11]} 38. Bd2 {[%clk 0:00:09]} Bf4 {[%clk 0:00:09]} 39. Bc3
{[%clk 0:00:10]} Bb8 {[%clk 0:00:07]} 40. c5 {[%clk 0:00:11]} Nf4+
{[%clk 0:00:08]} 41. Kc4 {[%clk 0:00:12]} Nxg2 {[%clk 0:00:08]} 42. c6+
{[%clk 0:00:13]} Kc8 {[%clk 0:00:09]} 43. Kc5 {[%clk 0:00:13]} Nf4
{[%clk 0:00:04]} 44. d6 {[%clk 0:00:10]} Ne6+ {[%clk 0:00:05]} 45. Kd5
{[%clk 0:00:12]} Nf4+ {[%clk 0:00:06]} 46. Ke5 {[%clk 0:00:12]} Nd3+
{[%clk 0:00:07]} 47. Ke6 {[%clk 0:00:12]} Nf4+ {[%clk 0:00:08]} 48. Ke7
{[%clk 0:00:12]} Nd5+ {[%clk 0:00:10]} 49. Ke6 {[%clk 0:00:13]} Nf4+
{[%clk 0:00:11]} 50. Ke5 {[%clk 0:00:14]} Nd3+ {[%clk 0:00:12]} 51. Kd4
{[%clk 0:00:14]} Bxd6 52. Ke4 1-0

[Event "Blitz 2018"]
[Site "Saint-Petersburg"]
[Date "2018.12.29"]
[Round "2"]
[Board "81"]
[White "Vlassov Nikolai (RUS)"]
[Black "Frolyanov Dmitry (RUS)"]
[Result "0-1"]
[LiveChessVersion "1.4.8"]
[BlackElo "2557"]
[WhiteElo "2438"]

1. e4 {[%clk 0:03:03]} e5 {[%clk 0:03:03]} 2. Bc4 {[%clk 0:03:04]} Nf6
{[%clk 0:03:03]} 3. d3 {[%clk 0:03:06]} c6 {[%clk 0:03:04]} 4. Nf3
{[%clk 0:03:06]} Be7 {[%clk 0:03:05]} 5. O-O {[%clk 0:03:07]} d6 {[%clk 0:03:04]}
6. a4 {[%clk 0:03:06]} Bg4 {[%clk 0:03:03]} 7. Nbd2 {[%clk 0:03:00]} Nbd7
{[%clk 0:03:02]} 8. Re1 {[%clk 0:02:58]} Nc5 {[%clk 0:03:02]} 9. Nf1
{[%clk 0:02:53]} O-O {[%clk 0:02:58]} 10. Ne3 {[%clk 0:02:54]} Bh5
{[%clk 0:02:54]} 11. Nf5 {[%clk 0:02:50]} d5 {[%clk 0:02:45]} 12. exd5
{[%clk 0:02:23]} cxd5 {[%clk 0:02:45]} 13. Rxe5 {[%clk 0:02:17]} Bd6
{[%clk 0:02:11]} 14. Nxd6 {[%clk 0:01:27]} Qxd6 {[%clk 0:02:12]} 15. Rxh5
{[%clk 0:00:53]} Nxh5 {[%clk 0:02:12]} 16. Ba2 {[%clk 0:00:54]} Rfe8
{[%clk 0:01:59]} 17. Be3 {[%clk 0:00:55]} Ne6 {[%clk 0:01:48]} 18. Nd4
{[%clk 0:00:44]} Nxd4 {[%clk 0:01:46]} 19. Bxd4 {[%clk 0:00:45]} Nf4
{[%clk 0:01:46]} 20. Be3 {[%clk 0:00:30]} d4 {[%clk 0:01:40]} 21. Bxf4
{[%clk 0:00:25]} Qxf4 {[%clk 0:01:41]} 22. Qh5 {[%clk 0:00:26]} Re7
{[%clk 0:01:21]} 23. g3 {[%clk 0:00:26]} Qd6 {[%clk 0:01:13]} 24. Bd5
{[%clk 0:00:22]} g6 {[%clk 0:01:12]} 25. Qf3 {[%clk 0:00:23]} Rc8
{[%clk 0:01:04]} 26. Bb3 {[%clk 0:00:22]} Rce8 {[%clk 0:01:03]} 27. Kg2
{[%clk 0:00:23]} a5 {[%clk 0:00:59]} 28. h4 {[%clk 0:00:23]} h5 {[%clk 0:00:54]}
29. Bc4 {[%clk 0:00:20]} Kg7 {[%clk 0:00:52]} 30. Bb5 {[%clk 0:00:21]} Rd8
{[%clk 0:00:44]} 31. Bc4 {[%clk 0:00:21]} Qf6 {[%clk 0:00:44]} 32. Qxf6+
{[%clk 0:00:17]} Kxf6 {[%clk 0:00:45]} 33. Ra3 {[%clk 0:00:19]} Re2
{[%clk 0:00:36]} 34. Rb3 {[%clk 0:00:20]} Rd7 {[%clk 0:00:37]} 35. Rb6+
{[%clk 0:00:21]} Kg7 {[%clk 0:00:38]} 36. Bb3 {[%clk 0:00:21]} Rde7
{[%clk 0:00:34]} 37. Rb5 {[%clk 0:00:21]} R7e5 {[%clk 0:00:30]} 38. Rxb7
{[%clk 0:00:08]} Rf5 {[%clk 0:00:31]} 39. g4 {[%clk 0:00:03]} Rexf2+
{[%clk 0:00:31]} 40. Kg1 {[%clk 0:00:04]} hxg4 {[%clk 0:00:31]} 41. Rd7
{[%clk 0:00:00]} 0-1

[Event "Blitz 2018"]
[Site "Saint-Petersburg"]
[Date "2018.12.29"]
[Round "2"]
[Board "82"]
[White "Jumabayev Rinat (KAZ)"]
[Black "Yakubboev Nodirbek (UZB)"]
[Result "0-1"]
[LiveChessVersion "1.4.8"]
[BlackElo "2388"]
[WhiteElo "2554"]

1. Nf3 {[%clk 0:03:02]} d5 {[%clk 0:03:03]} 2. e3 {[%clk 0:03:05]} Nf6
{[%clk 0:02:53]} 3. c4 {[%clk 0:03:06]} e6 {[%clk 0:02:48]} 4. b3
{[%clk 0:03:06]} b6 {[%clk 0:02:37]} 5. Bb2 {[%clk 0:03:07]} Bb7 {[%clk 0:02:38]}
6. Nc3 {[%clk 0:03:05]} Nbd7 {[%clk 0:02:22]} 7. Be2 {[%clk 0:01:47]} Be7
{[%clk 0:02:11]} 8. Rg1 {[%clk 0:01:31]} O-O {[%clk 0:01:59]} 9. g4
{[%clk 0:01:32]} Ne4 {[%clk 0:01:30]} 10. Qc2 {[%clk 0:01:30]} c5
{[%clk 0:01:13]} 11. g5 {[%clk 0:01:19]} f5 {[%clk 0:00:42]} 12. gxf6
{[%clk 0:00:45]} Bxf6 {[%clk 0:00:42]} 13. cxd5 {[%clk 0:00:42]} exd5
{[%clk 0:00:39]} 14. O-O-O {[%clk 0:00:22]} Rc8 {[%clk 0:00:26]} 15. Nxe4
{[%clk 0:00:11]} dxe4 {[%clk 0:00:27]} 16. Bc4+ {[%clk 0:00:12]} Kh8
{[%clk 0:00:27]} 17. Nh4 {[%clk 0:00:08]} Ne5 {[%clk 0:00:20]} 18. Bxe5
{[%clk 0:00:06]} Bxe5 {[%clk 0:00:21]} 19. Rg4 {[%clk 0:00:07]} Rxf2
{[%clk 0:00:17]} 20. Rdg1 {[%clk 0:00:07]} Qf6 {[%clk 0:00:11]} 21. h3
{[%clk 0:00:05]} Rd8 {[%clk 0:00:12]} 22. Rd1 {[%clk 0:00:05]} a6
{[%clk 0:00:10]} 23. a4 {[%clk 0:00:05]} Bb8 {[%clk 0:00:10]} 24. Kb1
{[%clk 0:00:05]} g5 {[%clk 0:00:09]} 25. Ng2 {[%clk 0:00:05]} h5 {[%clk 0:00:09]}
26. Rxe4 {[%clk 0:00:04]} Bxe4 {[%clk 0:00:10]} 27. Qxe4 {[%clk 0:00:05]} Qf5
{[%clk 0:00:11]} 28. Qxf5 Rxf5 {[%clk 0:00:12]} 29. e4 {[%clk 0:00:05]} Rf2
{[%clk 0:00:13]} 30. Ne3 {[%clk 0:00:06]} Rdxd2 {[%clk 0:00:14]} 31. Rxd2
{[%clk 0:00:07]} Rxd2 {[%clk 0:00:15]} 32. Bxa6 {[%clk 0:00:08]} Rh2
{[%clk 0:00:13]} 33. Bc8 {[%clk 0:00:09]} Re2 {[%clk 0:00:13]} 34. Nd5
{[%clk 0:00:10]} Rxe4 {[%clk 0:00:13]} 35. Nxb6 {[%clk 0:00:11]} Rb4
{[%clk 0:00:13]} 36. Nd7 {[%clk 0:00:11]} Rxb3+ {[%clk 0:00:12]} 37. Kc2
{[%clk 0:00:12]} Rb4 {[%clk 0:00:13]} 38. a5 {[%clk 0:00:12]} Ba7
{[%clk 0:00:13]} 39. a6 {[%clk 0:00:13]} Kg7 {[%clk 0:00:09]} 40. Bb7
{[%clk 0:00:14]} Rh4 {[%clk 0:00:07]} 41. Ne5 {[%clk 0:00:12]} Rxh3
{[%clk 0:00:07]} 42. Nc6 {[%clk 0:00:13]} Bb6 {[%clk 0:00:09]} 43. a7
{[%clk 0:00:10]} Bxa7 {[%clk 0:00:09]} 44. Nxa7 {[%clk 0:00:11]} g4
{[%clk 0:00:10]} 45. Kd2 {[%clk 0:00:12]} Rh2+ {[%clk 0:00:08]} 46. Ke3
{[%clk 0:00:13]} Kf6 {[%clk 0:00:09]} 47. Nc6 {[%clk 0:00:13]} Kg5
{[%clk 0:00:10]} 48. Ne5 {[%clk 0:00:14]} Rb2 {[%clk 0:00:10]} 49. Bd5
{[%clk 0:00:12]} h4 {[%clk 0:00:11]} 50. Nf7+ {[%clk 0:00:11]} Kf6
{[%clk 0:00:11]} 51. Nh6 {[%clk 0:00:09]} g3 {[%clk 0:00:12]} 52. Ng4+
{[%clk 0:00:06]} Kf5 {[%clk 0:00:13]} 53. Kf3 {[%clk 0:00:05]} Kg5
{[%clk 0:00:11]} 54. Bc6 {[%clk 0:00:03]} Rb3+ {[%clk 0:00:12]} 0-1

[Event "Blitz 2018"]
[Site "Saint-Petersburg"]
[Date "2018.12.29"]
[Round "2"]
[Board "83"]
[White "Baron Tal (ISR)"]
[Black "Kazhgaleyev Murtas (KAZ)"]
[Result "1-0"]
[LiveChessVersion "1.4.8"]
[BlackElo "2553"]
[WhiteElo "2421"]

1. Nf3 {[%clk 0:03:03]} Nf6 {[%clk 0:03:01]} 2. d4 {[%clk 0:03:05]} e6
{[%clk 0:03:01]} 3. Bf4 {[%clk 0:03:06]} b6 {[%clk 0:02:54]} 4. e3
{[%clk 0:03:05]} Bb7 {[%clk 0:02:55]} 5. Nbd2 {[%clk 0:03:04]} c5
{[%clk 0:02:54]} 6. Bd3 {[%clk 0:03:02]} Be7 {[%clk 0:02:54]} 7. h3
{[%clk 0:03:01]} O-O {[%clk 0:02:53]} 8. O-O {[%clk 0:03:01]} cxd4
{[%clk 0:02:36]} 9. exd4 {[%clk 0:03:02]} Ba6 {[%clk 0:02:32]} 10. c4
{[%clk 0:02:59]} d5 {[%clk 0:02:28]} 11. b3 {[%clk 0:02:58]} Nc6 {[%clk 0:02:27]}
12. Be3 {[%clk 0:02:29]} Rc8 {[%clk 0:02:23]} 13. Rc1 {[%clk 0:02:30]} Ba3
{[%clk 0:02:20]} 14. Rc3 {[%clk 0:02:15]} Bb4 {[%clk 0:02:16]} 15. Rc2
{[%clk 0:02:15]} Bd6 {[%clk 0:02:02]} 16. Rc1 {[%clk 0:02:06]} Qe7
{[%clk 0:01:56]} 17. Qe2 {[%clk 0:02:07]} Rfd8 {[%clk 0:01:49]} 18. Rfe1
{[%clk 0:02:03]} Ba3 {[%clk 0:01:46]} 19. Rcd1 {[%clk 0:01:27]} Nb4
{[%clk 0:01:40]} 20. Bb1 {[%clk 0:01:27]} dxc4 {[%clk 0:01:40]} 21. bxc4
{[%clk 0:01:28]} Nfd5 {[%clk 0:01:36]} 22. Bg5 {[%clk 0:01:22]} f6
{[%clk 0:01:33]} 23. Qe4 {[%clk 0:01:20]} g6 {[%clk 0:01:27]} 24. cxd5
{[%clk 0:01:16]} Nxd5 {[%clk 0:01:19]} 25. Qg4 {[%clk 0:00:28]} fxg5
{[%clk 0:01:15]} 26. Rxe6 {[%clk 0:00:29]} Qg7 {[%clk 0:01:05]} 27. Nxg5
{[%clk 0:00:30]} Nc3 {[%clk 0:00:49]} 28. Nxh7 {[%clk 0:00:25]} Nxd1
{[%clk 0:00:40]} 29. Rxg6 {[%clk 0:00:22]} Rc7 {[%clk 0:00:33]} 30. Rxg7+
{[%clk 0:00:08]} Rxg7 {[%clk 0:00:33]} 31. Qxd1 {[%clk 0:00:09]} Rxd4
{[%clk 0:00:34]} 32. Qb3+ {[%clk 0:00:10]} Rf7 {[%clk 0:00:29]} 33. Nf3
{[%clk 0:00:06]} Rb4 {[%clk 0:00:24]} 34. Qxa3 {[%clk 0:00:05]} Rxb1+
{[%clk 0:00:25]} 35. Kh2 {[%clk 0:00:06]} Bb7 {[%clk 0:00:22]} 36. Nhg5
{[%clk 0:00:07]} Rd7 {[%clk 0:00:22]} 37. Qxa7 {[%clk 0:00:06]} Rb2
{[%clk 0:00:21]} 38. Qb8+ {[%clk 0:00:06]} Kg7 {[%clk 0:00:20]} 39. Qe5+
{[%clk 0:00:07]} 1-0